Effect of Plant Growth Regulators on Fruiting and Quality of Guava (psidium Guajarn L.) CV. Allahabad Safeda (Record no. 50229)

MARC details
000 -LEADER
fixed length control field 00469nam a22001577a 4500
003 - CONTROL NUMBER IDENTIFIER
control field OSt
008 - FIXED-LENGTH DATA ELEMENTS--GENERAL INFORMATION
fixed length control field 260428b |||||||| |||| 00| 0 eng d
082 ## - DEWEY DECIMAL CLASSIFICATION NUMBER
Classification number 634.421
Item number R20E
100 ## - MAIN ENTRY--PERSONAL NAME
Personal name Kumar, Ravindra
245 ## - TITLE STATEMENT
Title Effect of Plant Growth Regulators on Fruiting and Quality of Guava (psidium Guajarn L.) CV. Allahabad Safeda
260 ## - PUBLICATION, DISTRIBUTION, ETC. (IMPRINT)
Place of publication, distribution, etc Pusa, Samastipur
Name of publisher, distributor, etc RAU
Date of publication, distribution, etc 1996
300 ## - PHYSICAL DESCRIPTION
Extent 78P.
502 ## - DISSERTATION NOTE
Degree type Msc.
Year degree granted 1996
650 ## - SUBJECT ADDED ENTRY--TOPICAL TERM
Topical term or geographic name as entry element Fruit and Fruit Technology
942 ## - ADDED ENTRY ELEMENTS (KOHA)
Source of classification or shelving scheme
Koha item type Thesis
Holdings
Withdrawn status Lost status Source of classification or shelving scheme Damaged status Not for loan Home library Current library Date acquired Total Checkouts Full call number Barcode Date last seen Bill Date Koha item type
          Dr. Rajendra Prasad Central Agricultural University Pusa, Dr. Rajendra Prasad Central Agricultural University Pusa, 28/04/2026   634.421 R20E 45882 28/04/2026 28/04/2026 Thesis
Hosted, Implemented, Customized & Maintained by: BestBookBuddies

Powered by Koha